International bibliography on cropping systems 1973-1974

Guardado en:
Detalles Bibliográficos
Autor principal: Mila Medina Ramos
Formato: Libro
Lenguaje:Undetermined
Publicado: Manila IRRI 1976
Materias:
Etiquetas: Agregar Etiqueta
Sin Etiquetas, Sea el primero en etiquetar este registro!
Thư viện lưu trữ: Trung tâm Học liệu Trường Đại học Cần Thơ
LEADER 00540nam a2200181Ia 4500
001 CTU_29017
008 210402s9999 xx 000 0 und d
082 |a 016.633 
082 |b R175/1973 
100 |a Mila Medina Ramos 
245 0 |a International bibliography on cropping systems 1973-1974 
245 0 |c Mila Medina Ramos, IRRI 
260 |a Manila 
260 |b IRRI 
260 |c 1976 
650 |a agriculture - bibliography 
904 |i Nguyễn Quang Điền, 990310 
980 |a Trung tâm Học liệu Trường Đại học Cần Thơ